000 00447cam a2200169ua 4500
041 _aeng
_h
082 _a575
_bDAR/EV
100 _aDarwin, Charles .
245 _aEvolution by natural selection /
_cCharles Darwin.
_hTextual Documents
250 _a1 /
_b.
260 _aCambridge :
_bCambridge University Press ,
_c1958.
300 _a288 ; .
504 _a
700 1 _aWallace, Alfred Russell .
942 _cBK
999 _c10854
_d10854